000 00835cab a2200301 4500
001 WB3142-29
008 090401t1995 xxu||||| |||| 00| 0 eng d
035 _a(Sirsi) u22087
041 _aeng
245 _aMake rents work for you
260 _c1995
350 _a0
490 _aFinancial Times
_vWeekend, 4/5 November 1995, XIII(2)
520 _aReports how renting out prime residential property can earn you good money, due to the interest in international rented accommodation.
650 _aATLANTA
650 _aBANGKOK
650 _aCLUTTONS
650 _aHONG KONG
650 _aKNIGHT FRANK & RUTLEY
650 _aNEW YORK
650 _aOVERSEAS
650 _aRENTED HOUSING
650 _aROWAN CORPORATE RELOCATION
690 _aHOUSING
690 _aOVERSEAS
942 _n0
948 _c04/03/1997
999 _c14791
_d14791